| 000 | 00340nam a22001217a 4500 | ||
|---|---|---|---|
| 008 | 160503b xxu||||| |||| 00| 0 eng d | ||
| 020 | _a9781435419223 | ||
| 020 | _a1435419227 | ||
| 041 | _aeng | ||
| 080 | _a61 | ||
| 245 |
_aDelmars administratve medical assisting: _cWilburta Q. Lindh; Marilyn S. Pooler; Carol D. Tomparo; |
||
| 942 |
_2udc _cBK |
||
| 999 |
_c1733 _d1733 |
||